000
00325nam a2200133Ia 4500
008
240624s9999 xx 000 0 und d
041
_a
eng
082
_a
658.4092 PIR
100
_a
PIRAMAL GITA
245
_a
BUSINESS LEGENDS
260
_c
1999
_a
New Delhi
_b
Penguin Books
300
_a
xi, : 654 : p. : cm. ; 22
365
_c
RS
999
_c
3575
_d
3575